Statistics for Asian Country Anagrams Quiz

Click here to take the quiz!

General Stats

  • This quiz has been taken 212 times
  • The average score is 27 of 37

Answer Stats

Anagram Country % Correct
RainIran
96%
Jan paJapan
94%
Is realIsrael
92%
In aidIndia
89%
AlsoLaos
88%
Vane mitVietnam
84%
ChainChina
83%
QariIraq
80%
Ye TurkTurkey
80%
Mad livesMaldives
79%
Me, yenYemen
78%
MoanOman
78%
Tail handThailand
76%
Jan rodJordan
76%
Hip pip linesPhilippines
75%
Wait UKKuwait
75%
UPS CryCyprus
75%
PlaneNepal
74%
Ire bunBrunei
74%
Q/A ratQatar
73%
Pasta inkPakistan
73%
A zanier jabAzerbaijan
71%
Ray isSyria
70%
India noseIndonesia
70%
Hut banBhutan
70%
Alias mayMalaysia
70%
Mango oilMongolia
68%
Ana witTaiwan
68%
Hair banBahrain
67%
Bagel handsBangladesh
65%
Ram manyMyanmar
63%
Lone banLebanon
63%
Ghana faintsAfghanistan
61%
Agog IreGeorgia
60%
A marineArmenia
56%
I coma dabCambodia
54%
Pig reasonSingapore
46%

Score Distribution

Percentile by Number Answered

Percent of People with Each Score

Your Score History

You have not taken this quiz